The Journal of European economic history

Bibliographic Details
Corporate Author: Banco di Roma
Format: Unknown
Language:English
Published: Rome, Banco di Roma
Subjects:
Online Access:Acceso restringido

MARC

LEADER 00000ny a22000003n 4500
005 20110513135145.0
008 741112c19729999it tr p s 0 a0eng
022 |a 0391-5115 
035 |a 5110 
040 |a MnMULS  |d vLex 
050 0 0 |a HC240.A1  |b J68 
050 0 0 |a HC240.A1  |b J68 
082 4 |a 330.9/4 
090 |c 1888  |d 1888 
245 0 4 |a The Journal of European economic history  |h [Recurso electrn̤ico] 
256 |a Servicio en ln̕ea 
260 |a Rome,  |b Banco di Roma 
506 1 |a Contenido solo disponible en los productos indicados  |d vLex Global  |d vLex Global (Academic Edition, excluding Law Schools)  |d vLex Global (U.S. Academic Edition, excluding Law Schools) 
650 0 4 |a Economa̕  |z Europa 
710 2 |a Banco di Roma 
740 0 |a vLex Revista (Servicios en ln̕ea) 
843 |a Electrn̤ica. Cerrada 
853 |8 1  |i (year)  |j (month)  |k (day) 
856 4 0 |z Acceso restringido  |u http://vlex.com/account/login_ip?fuente_id=5110 
942 |c REV